000 00515nam a22001337a 4500
005 20241217091412.0
008 241001b |||||||| |||| 00| 0 eng d
100 _aRapisura, Elena Rodelyn A.
_eauthor.
_961884
245 _aNational reading month celebration /
_cElena Rodelyn A. Rapisura.
260 _aPhilippines;
_bPublishers Association of the Philippines, Inc.,
_cNovember 2018.
300 _aVolume 66, pages 211,
_billustration.
700 _aRapisura, Elena Rodelyn A.
_eauthor.
_961885
942 _2ddc
_cPER
999 _c22048
_d22048